Europa Central y América Latina: estudios históricos /

Gardado en:
Detalles Bibliográficos
Autor Principal: Anderle, Adám
Outros autores: ed.
Formato: Texto
Publicado: s.l.: s.e.
Etiquetas: Engadir etiqueta
Sen Etiquetas, Sexa o primeiro en etiquetar este rexistro!

MARC

LEADER 00000 a a2200000 04500
001 25331
003
040
090 |a 181100  
100 |a Anderle, Adám  
245 |a Europa Central y América Latina: estudios históricos /  |c Adám Anderle 
260 |a s.l.:   |b s.e.  
300 |a 126 p  
700 |a ed.  
999 |c 11768  |d 11768